Vor 200 Jahren - am 28. April 1777 - brannte der Turm des Kolberger Domes

Titel: Vor 200 Jahren - am 28. April 1777 - brannte der Turm des Kolberger Domes / Joachim Nettelbeck
Verfasser:
In: Pommern, Band 15, Heft 2 (1977), Seite 24-25
alle Artikel anzeigen
Veröffentlicht: 1977
Umfang: Illustrationen
Format: Aufsatz
Sprache: Deutsch
Schlagworte:
Kein Bild verfügbar
X
alg: 43276393
001A    $03025:15-06-18 
001B    $01999:15-06-18 $t22:37:15.000 
001C    $03025:15-06-18 $t08:17:57.000 
001D    $03025:15-06-18 
001U    $0utf8 
001X    $00 
002@    $0Aou 
002C    $aText $btxt $2rdacontent 
002D    $aohne Hilfsmittel zu benutzen $bn $2rdamedia 
002E    $aBand $bnc $2rdacarrier 
003@    $0432763937 
007A    $0432763937 $aHEB 
010@    $ager 
010E    $erda 
011@    $a1977 
021A    $aVor 200 Jahren - am 28. April 1777 - brannte der Turm des Kolberger Domes $hJoachim Nettelbeck 
028A    $BVerfasser $4aut $7 $8Nettelbeck, Joachim [Tnu] $9432763872 
031A    $d15 $e2 $h24-25 $j1977 
034M    $aIllustrationen 
039B    $aEnthalten in $8--Abvc--. Pommern. - Greifswald : Pommersche Stiftung für historische Bildung, 1967-. - ISSN 0032-4167 $x197700000150002976 $9048244473 
044K    $RKolberg $#Kolberg $75057070-5 $8Kołobrzeg [Tg1] $9044717024 
044K    $RKirchenbau $RKonkathedrale $#Cathedrals $#Cathédrales $#Cattedrali $#Catedrales $#Kathedrale $#Bischofskirche $#Münster Dom $#Dome $#Kathedralen $#Cathedral $74070532-8 $8Dom [Ts1] $908519882X 
044K    $#Towers $#Tours (constructions) $#Torri $#Torres $74203577-6 $8Turm [Ts1] $9086034499 
044K    $RFeuer $#Fires $#Fire $#Incendies $#Feu $#Incendi $#Incendios $#Fuego $#Brände $#Schadenfeuer $74133754-2 $8Brand [Ts1] $9085486779 
045R    $aGeschichte 28.04.1777 
045T    $a7,41 $a8,1 

lok: 43276393 78

exp: 43276393 78 1 #EPN
201B/01 $015-06-18 $t08:15:33.000 
201C/01 $015-06-18 
201U/01 $0utf8 
203@/01 $01023598078 
208@/01 $a15-06-18 $be 
209A/01 $a/ $f000 $x00 
209A/01 $ab*p $x01 
220C/01 $awma 
244Z/01 $#Pommern $#Pommern $#Herzogtum Pommern $#Herzogthum Pommern $#Provinz Pommern $#Pomorze $74046744-2 $8--Tg1--Pommern $x06 $9085130354 
247C/01 $82080>Marburg/Lahn, Herder-Institut, Forschungsbibliothek, Bibliographieportal $9336309341
LEADER 00000caa a2200000 c 4500
001 432763937
003 DE-603
005 20180615223715.0
007 tu
008 180615s1977 xx |||| | u00||u|ger c
035 |a (DE-599)HEB432763937 
040 |a DE-603  |b ger  |c DE-603  |d DE-603  |e rda 
041 |a ger 
084 |a 7,41  |a 8,1  |2 ssgn 
100 1 |a Nettelbeck, Joachim  |e Verfasser  |4 aut  |0 (DE-603)432763872 
245 0 0 |a Vor 200 Jahren - am 28. April 1777 - brannte der Turm des Kolberger Domes  |c Joachim Nettelbeck 
264 0 |c 1977 
300 |b Illustrationen 
336 |a Text  |b txt  |2 rdacontent 
337 |a ohne Hilfsmittel zu benutzen  |b n  |2 rdamedia 
338 |a Band  |b nc  |2 rdacarrier 
648 7 |a Geschichte 28.04.1777  |2 gnd 
650 7 |a Dom  |0 (DE-588)4070532-8  |0 (DE-603)08519882X  |2 gnd 
650 7 |a Turm  |0 (DE-588)4203577-6  |0 (DE-603)086034499  |2 gnd 
650 7 |a Brand  |0 (DE-588)4133754-2  |0 (DE-603)085486779  |2 gnd 
651 7 |a Kołobrzeg  |0 (DE-588)5057070-5  |0 (DE-603)044717024  |2 gnd 
773 0 8 |i Enthalten in  |t Pommern  |d Greifswald : Pommersche Stiftung für historische Bildung, 1967-  |h 30 cm  |x 0032-4167  |g Band 15, Heft 2 (1977), Seite 24-25  |w (DE-603)048244473  |w (DE-600)958645-3 
924 0 |9 2080  |a (DE-603)1023598078  |b DE-2080  |c HES  |d d  |g /